Lady Gaga - ARTPOP - Statistics

General Stats
  • This quiz has been taken 78 times
  • The average score is 11 of 14
Answer Stats
2013 ARTPOP % Correct
2 Venus
96%
1 Aura
94%
3 G.U.Y.
94%
14 Applause
93%
7 aRTPOP
85%
8 Swine
83%
9 Donatella
78%
13 Gypsy
78%
12 Dope
74%
10 Fashion!
74%
6 MANiCURE
70%
11 Mary Jane Holland
70%
4 Sexxx Dreams
70%
5 Jewels N' Drugs (feat. T.I., Too $hort & Twista)
48%
No matching quizzes found
Score Distribution
Percent of People with Each Score
Percentile by Number Answered
Your Score History
You have not taken this quiz